000 00320nam a2200121Ia 4500
008 240731s9999 xx 000 0 und d
022 _a1477-4003
245 0 _aPolicy and Practice in Health and Safety
260 _bTaylor & Francis
856 _uhttps://www.tandfonline.com/loi/tphs20
942 _2ddc
942 _cTFEJ
999 _c78978
_d78978
945 _a1
_bMadushi Gamage
_c1
_dMadushi Gamage